000
00282nam a2200109Ia 4500
008
220204s9999 xx 000 0 und d
082
_a
631.67(540)
_b
GUP
100
_a
Gupta, I C
245
0
_a
Use of saline water in agriculture
260
_a
Delhi
_b
Oxford and IBH
_c
1979
942
_c
BK
999
_c
34445
_d
34445